Film di Natale con maggiori incassi nella storia del cinema - Statistics

Statistiche generali
  • Questo quiz è stato fatto 94 volte
  • Il punteggio medio è 5 su 14
Statistiche sulle risposte
Incasso ($) Anno di uscita del film Film % Corretto
476 684 675 1990 Mamma ho perso l'aereo
95%
358 994 850 1992 Mamma, ho riperso l'aereo: mi sono smarrito a New York
95%
526 760 632 2018 Il Grinch
60%
345 823 032 2000 Il Grinch
60%
225 097 437 2003 Elf - Un elfo di nome Buddy
32%
325 286 646 2009 A Christmas Carol
29%
315 249 768 2004 Polar Express
25%
245 203 197 2003 Love Actually - L'amore davvero
21%
172 855 065 2002 Che fine ha fatto Santa Clause?
12%
190 539 357 1994 Santa Clause
12%
205 850 134 2006 L'amore non va in vacanza
10%
180 613 824 2017 Daddy's Home 2
1%
173 961 069 2018 Lo schiaccianoci e i quattro regni
1%
163 733 697 2008 Tutti insieme inevitabilmente
0%
Nessun quiz corrispondente trovato
Distribuzione punteggi
Percentuale di utenti per punteggio
Percentile per numero di risposta
I tuoi punteggi nel tempo
Non hai fatto questo quiz